Normal view
MARC view
Entry Personal Name
001 - CONTROL NUMBER
- control field: 16829
003 - CONTROL NUMBER IDENTIFIER
- control field: OSt
005 - DATE AND TIME OF LATEST TRANSACTION
- control field: 20231031084808.0
008 - FIXED-LENGTH DATA ELEMENTS
- fixed length control field: 231031|| aca||aabn | a|a d
040 ## - CATALOGING SOURCE
- Original cataloging agency: OSt
- Transcribing agency: OSt
100 ## - HEADING--PERSONAL NAME
- Personal name: baker,A.Steward
670 ## - SOURCE DATA FOUND
- Source citation: Work cat.: (OSt)8236: baker,A.Steward;, The limits of Trust., 1998.
